000 00320nam a22001337a 4500
008 170905b xxu||||| |||| 00| 0 eng d
020 _a394332601
041 _aeng
080 _a070
100 _a40
101 _aMED
245 _aGUIDE TO TECHNICAL AND SCIENTIFIC COMMUNICATION
_cCLARK.D.G
942 _2udc
_cBK
999 _c26225
_d26225